[Event "Wch Juvenil 2013 sub-16 femenino"]
[Site "Al-Ain UAE"]
[Date "2013.12.27"]
[Round "10.37"]
[White "Giblon, Rebecca"]
[Black "Fuskova, Martina"]
[Result "0-1"]
[WhiteElo "1715"]
[BlackElo "1969"]
[PlyCount "130"]
[EventDate "2013.12.19"]
[EventType "swiss"]
[EventRounds "11"]
[EventCountry "UAE"]
[Source "lmi"]
[SourceDate "2013.12.19"]

1. e4 c5 2. Nf3 Nc6 3. d4 cxd4 4. Nxd4 e5 5. Nf5 d5 6. Qxd5 Qxd5 7. exd5 Bxf5
8. dxc6 bxc6 9. c3 Bc5 10. Bc4 Nf6 11. O-O O-O 12. Nd2 Rfe8 13. Kh1 Rad8 14.
Nb3 Bb6 15. f3 h6 16. Bd2 Rd7 17. Rae1 Bg6 18. Be3 Nd5 19. Bc5 Nf4 20. Re3 Bxc5
21. Nxc5 Rd2 22. g3 Nd5 23. Re2 Rxe2 24. Bxe2 Rb8 25. Nb3 Bc2 26. Bc4 Ne3 27.
Rc1 Bd1 28. Kg1 Bxf3 29. Bxf7+ Kxf7 30. Kf2 Bd5 31. Kxe3 Bxb3 32. axb3 Rxb3 33.
Ra1 Rxb2 34. Rxa7+ Kf6 35. Ra6 Rxh2 36. Rxc6+ Kf5 37. Rc4 h5 38. Kf3 Rc2 39.
Rc8 g6 40. Rf8+ Ke6 41. Rc8 Kd5 42. Ra8 Kc4 43. Ke4 Re2+ 44. Kf3 Re1 45. Rg8
Kd3 46. Rxg6 e4+ 47. Kf2 Re2+ 48. Kf1 Rc2 49. Rd6+ Ke3 50. Rh6 Rc1+ 51. Kg2 Ke2
52. Rxh5 e3 53. Ra5 Kd1 54. Rd5+ Ke1 55. Kf3 Rxc3 56. Kg2 Rc2+ 57. Kf3 e2 58.
Kg2 Rd2 59. Ra5 Rd6 60. Ra1+ Kd2 61. Ra2+ Ke3 62. Ra3+ Rd3 63. Ra1 Rd1 64. Ra3+
Kd4 65. Ra4+ Kc5 0-1

[Event "Wch Juvenil 2013 sub-16 femenino"]
[Site "Al-Ain UAE"]
[Date "2013.12.27"]
[Round "10.38"]
[White "Gunaratne, Manisha Suchini"]
[Black "Chetina, Elizaveta"]
[Result "0-1"]
[WhiteElo "1691"]
[BlackElo "1904"]
[PlyCount "80"]
[EventDate "2013.12.19"]
[EventType "swiss"]
[EventRounds "11"]
[EventCountry "UAE"]
[Source "lmi"]
[SourceDate "2013.12.19"]

1. e4 e5 2. Nf3 Nc6 3. Bb5 a6 4. Ba4 Nf6 5. O-O b5 6. Bb3 Bc5 7. Re1 d6 8. h3
O-O 9. c3 Bb7 10. d4 Bb6 11. Bc2 h6 12. Be3 exd4 13. Nxd4 Nxd4 14. Bxd4 c5 15.
Bxf6 Qxf6 16. Nd2 Rfe8 17. Nf3 Rad8 18. Qd2 Re6 19. Re2 Bc7 20. Rae1 Rde8 21.
Bb1 d5 22. exd5 Bxd5 23. Rxe6 Bxe6 24. Qe3 Bd6 25. Qe4 g6 26. Qc6 Rd8 27. Be4
Bxa2 28. Qxa6 Bh2+ 29. Kxh2 Qxa6 30. Ra1 Qe6 31. Re1 Qd6+ 32. Kg1 Re8 33. Bc2
Rxe1+ 34. Nxe1 Qd2 35. Kf1 Bc4+ 36. Bd3 Bxd3+ 37. Nxd3 Qxd3+ 38. Ke1 b4 39.
cxb4 cxb4 40. f3 Qb1+ 0-1

[Event "Wch Juvenil 2013 sub-16 femenino"]
[Site "Al-Ain UAE"]
[Date "2013.12.27"]
[Round "10.40"]
[White "Smaraki, Mohanty"]
[Black "Kahanda, I D S."]
[Result "1-0"]
[WhiteElo "1837"]
[BlackElo "1647"]
[PlyCount "61"]
[EventDate "2013.12.19"]
[EventType "swiss"]
[EventRounds "11"]
[EventCountry "UAE"]
[Source "lmi"]
[SourceDate "2013.12.19"]

1. c4 Nf6 2. Nc3 g6 3. g3 Bg7 4. Bg2 O-O 5. Nf3 d6 6. d4 Nbd7 7. O-O Re8 8. b3
e5 9. Bb2 exd4 10. Nxd4 Nc5 11. b4 Nce4 12. Qd3 Qe7 13. Nxe4 Nxe4 14. Qc2 Ng5
15. h4 Ne4 16. Nb5 Bxb2 17. Qxb2 f5 18. Qc2 a6 19. Nc3 Bd7 20. Nd5 Qd8 21. Qb2
Rf8 22. Qd4 c5 23. Qd3 Re8 24. Rab1 Bc6 25. Rfd1 b5 26. bxc5 dxc5 27. Qb3 bxc4
28. Qxc4 Bb5 29. Nf6+ Kh8 30. Rxd8 Bxc4 31. Rxe8+ 1-0

[Event "Wch Juvenil 2013 sub-16 femenino"]
[Site "Al-Ain UAE"]
[Date "2013.12.27"]
[Round "10.41"]
[White "Bermudez Veliz, Josselyn"]
[Black "Alboredo, Julia"]
[Result "0-1"]
[WhiteElo "1679"]
[BlackElo "1830"]
[PlyCount "74"]
[EventDate "2013.12.19"]
[EventType "swiss"]
[EventRounds "11"]
[EventCountry "UAE"]
[Source "lmi"]
[SourceDate "2013.12.19"]

1. Nf3 Nf6 2. c4 g6 3. g3 Bg7 4. Bg2 O-O 5. O-O d6 6. d4 Nfd7 7. Nc3 e5 8. e3
Nc6 9. b3 h6 10. Bb2 f5 11. dxe5 dxe5 12. e4 f4 13. Nh4 Ne7 14. Nd5 Kh7 15. Ba3
c5 16. Bh3 Nxd5 17. cxd5 Nf6 18. Bxc8 Rxc8 19. f3 Qa5 20. Bb2 Nd7 21. Rf2 c4
22. bxc4 Rxc4 23. Kg2 Rfc8 24. gxf4 Qd8 25. Kh3 Bf6 26. Ng2 exf4 27. Bxf6 Qxf6
28. Nh4 Ne5 29. Rb1 b6 30. Qg1 Rc3 31. Rbf1 g5 32. Nf5 g4+ 33. Kg2 gxf3+ 34.
Kh3 Rg8 35. Qh1 Qg5 36. Rg1 Qh5+ 37. Nh4 Rg4 0-1

[Event "Wch Juvenil 2013 sub-16 femenino"]
[Site "Al-Ain UAE"]
[Date "2013.12.27"]
[Round "10.43"]
[White "Poteat, Lilia M"]
[Black "Methmani, Nelunika"]
[Result "1-0"]
[WhiteElo "1866"]
[BlackElo "1672"]
[PlyCount "81"]
[EventDate "2013.12.19"]
[EventType "swiss"]
[EventRounds "11"]
[EventCountry "UAE"]
[Source "lmi"]
[SourceDate "2013.12.19"]

1. e4 c5 2. Nf3 d6 3. d4 cxd4 4. Nxd4 Nf6 5. Nc3 a6 6. Bg5 e6 7. f4 Be7 8. Qf3
Nbd7 9. O-O-O Qc7 10. g4 b5 11. Bxf6 Nxf6 12. g5 Nd7 13. f5 O-O 14. Qg3 Ne5 15.
a3 Rb8 16. Bh3 b4 17. axb4 Rxb4 18. fxe6 Qb6 19. Nd5 Qb7 20. Nxb4 Qxb4 21.
exf7+ Nxf7 22. Nc6 Qxe4 23. Nxe7+ Qxe7 24. Bxc8 Rxc8 25. Rhe1 Ne5 26. Kb1 Qc7
27. Qc3 Nc4 28. Rd4 Qc5 29. Rxc4 Qxc4 30. Re8+ Kf7 31. Rxc8 Qf1+ 32. Ka2 Qb5
33. Qc4+ Qxc4+ 34. Rxc4 Ke6 35. Rc7 g6 36. Rxh7 Kf5 37. h4 d5 38. Rd7 Ke4 39.
h5 gxh5 40. g6 h4 41. g7 1-0

[Event "Wch Juvenil 2013 sub-16 femenino"]
[Site "Al-Ain UAE"]
[Date "2013.12.27"]
[Round "10.44"]
[White "Breedt, Shade"]
[Black "Trippold, Denise"]
[Result "1/2-1/2"]
[WhiteElo "1638"]
[BlackElo "1789"]
[PlyCount "74"]
[EventDate "2013.12.19"]
[EventType "swiss"]
[EventRounds "11"]
[EventCountry "UAE"]
[Source "lmi"]
[SourceDate "2013.12.19"]

1. e4 c5 2. Nc3 Nc6 3. f4 g6 4. Nf3 Bg7 5. Bb5 Nd4 6. O-O Nxb5 7. Nxb5 d5 8.
exd5 a6 9. Nc3 Nf6 10. d4 Nxd5 11. dxc5 Nxc3 12. Qxd8+ Kxd8 13. bxc3 Be6 14.
Rd1+ Kc7 15. Nd4 Bc4 16. a4 Rad8 17. Be3 Rd5 18. Rab1 Rd7 19. Rb6 Rhd8 20. Rdb1
Kc8 21. R1b4 Bd5 22. c6 Rc7 23. Rxb7 Bxc6 24. Rb8+ Kd7 25. Nxc6 Rxc6 26. R4b7+
Ke8 27. Rxd8+ Kxd8 28. Bd4 Bxd4+ 29. cxd4 Rxc2 30. Rb6 Rc4 31. Rxa6 Rxd4 32. g3
Rd2 33. a5 Ra2 34. Ra7 Ke8 35. Ra8+ Kd7 36. a6 Ke6 37. a7 h5 1/2-1/2

[Event "Wch Juvenil 2013 sub-16 femenino"]
[Site "Al-Ain UAE"]
[Date "2013.12.27"]
[Round "10.45"]
[White "Narzikulova, Gulhae"]
[Black "Bashaer, Khalil"]
[Result "1-0"]
[WhiteElo "1769"]
[BlackElo "1630"]
[PlyCount "61"]
[EventDate "2013.12.19"]
[EventType "swiss"]
[EventRounds "11"]
[EventCountry "UAE"]
[Source "lmi"]
[SourceDate "2013.12.19"]

1. d4 d5 2. c4 e6 3. Nc3 Nf6 4. e3 c6 5. Bd3 Be7 6. Nf3 O-O 7. O-O Nbd7 8. Qc2
Re8 9. Ne5 Nf8 10. f4 dxc4 11. Bxc4 Qc7 12. Bd2 Rd8 13. Rac1 c5 14. Nb5 Qb6 15.
Be2 a6 16. Qa4 cxd4 17. Nxd4 Qxb2 18. Nc4 b5 19. Nxb2 bxa4 20. Nxa4 Bb7 21. Ba5
Rd5 22. Bc7 Re8 23. Bf3 Ba3 24. Rb1 Rxd4 25. exd4 Bxf3 26. Rxf3 Rc8 27. Rxa3
Rxc7 28. Nc5 Nd5 29. Rxa6 Nxf4 30. Ra8 N4g6 31. Rb7 1-0

[Event "Wch Juvenil 2013 sub-16 femenino"]
[Site "Al-Ain UAE"]
[Date "2013.12.27"]
[Round "10.46"]
[White "Du Toit, Sune"]
[Black "Messaoui, Amira"]
[Result "1/2-1/2"]
[WhiteElo "1728"]
[BlackElo "1605"]
[PlyCount "118"]
[EventDate "2013.12.19"]
[EventType "swiss"]
[EventRounds "11"]
[EventCountry "UAE"]
[Source "lmi"]
[SourceDate "2013.12.19"]

1. d4 d5 2. c4 e6 3. Nc3 Be7 4. Nf3 Nf6 5. Bg5 Nbd7 6. cxd5 exd5 7. e3 c6 8.
Bd3 h6 9. Bh4 O-O 10. O-O Re8 11. Qc2 Qc7 12. Rab1 Bd6 13. Rfc1 Qb8 14. Ne2 Ng4
15. Bg3 Nf8 16. b4 a6 17. a4 Bd7 18. h3 Bxg3 19. hxg4 Bd6 20. g5 hxg5 21. Nxg5
g6 22. Nc3 Qd8 23. Nf3 Qf6 24. b5 axb5 25. axb5 Ne6 26. bxc6 bxc6 27. Ra1 Rab8
28. Rcb1 Rxb1+ 29. Rxb1 Rc8 30. Rb7 Rc7 31. Rxc7 Bxc7 32. Qb2 Ng5 33. Nxg5 Qxg5
34. Qe2 Bh3 35. g3 Bg4 36. f3 Bd7 37. g4 Qh4 38. Bc2 Qg3+ 39. Kf1 Qd6 40. Ba4
Ba5 41. Qc2 Bxc3 42. Qxc3 Kf8 43. Qc5 Qxc5 44. dxc5 Ke7 45. Ke2 Kd8 46. Kd3 Kc7
47. g5 Kd8 48. Kd4 Kc7 49. Ke5 Be6 50. Bb3 Kd7 51. Bc2 Ke7 52. f4 Bd7 53. f5
gxf5 54. Bxf5 Bxf5 55. Kxf5 Kd7 56. Kf6 Ke8 57. g6 fxg6 58. Kxg6 Ke7 59. Kf5
Kf7 1/2-1/2

[Event "Wch Juvenil 2013 sub-16 femenino"]
[Site "Al-Ain UAE"]
[Date "2013.12.27"]
[Round "10.47"]
[White "Mendez Tovar, Rosario Trin"]
[Black "Ilhom, Mootribai"]
[Result "1-0"]
[WhiteElo "1612"]
[BlackElo "1702"]
[PlyCount "117"]
[EventDate "2013.12.19"]
[EventType "swiss"]
[EventRounds "11"]
[EventCountry "UAE"]
[Source "lmi"]
[SourceDate "2013.12.19"]

1. d4 Nf6 2. c4 g6 3. Nc3 Bg7 4. e4 d6 5. Be2 O-O 6. g4 e5 7. g5 Nfd7 8. d5 Nc5
9. b4 Nca6 10. Rb1 f5 11. h4 fxe4 12. Nxe4 Bf5 13. f3 Qd7 14. Be3 c6 15. c5 Rd8
16. Bc4 Kh8 17. cxd6 Bxe4 18. fxe4 Qxd6 19. h5 b5 20. Be2 cxd5 21. exd5 e4 22.
Bxb5 Qg3+ 23. Bf2 Qxg5 24. Bc4 e3 25. Bh4 Qg2 26. Qe2 Bc3+ 27. Kd1 Qe4 28. Kc1
Bd2+ 29. Kb2 Rc8 30. Bf6+ Kg8 31. Rh4 Bc3+ 32. Kxc3 Qxb1 33. d6+ Kf8 34. Be7+
Ke8 35. d7+ Nxd7 36. Qxe3 Qa1+ 37. Kb3 Ne5 38. Bd6 Qd1+ 39. Kb2 Qxd6 40. Bxa6
Rcb8 41. a3 Ke7 42. Nf3 Qxa6 43. Qxe5+ Qe6 44. Qg7+ Ke8 45. Qh8+ Ke7 46. Qxh7+
Ke8 47. Qh8+ Ke7 48. Qg7+ Ke8 49. Nd4 Qe3 50. Qxg6+ Kd7 51. Qc6+ Kd8 52. Qd5+
Kc8 53. Qc5+ Kd7 54. Qf5+ Kd6 55. Qf6+ Kd7 56. Qc6+ Kd8 57. Qd5+ Kc7 58. Nc2
Qe8 59. Rc4+ 1-0

[Event "Wch Juvenil 2013 sub-16 femenino"]
[Site "Al-Ain UAE"]
[Date "2013.12.27"]
[Round "10.48"]
[White "Fortunata, Fransisca"]
[Black "Ebeling, Gabriela"]
[Result "1-0"]
[WhiteElo "2117"]
[BlackElo "1570"]
[PlyCount "59"]
[EventDate "2013.12.19"]
[EventType "swiss"]
[EventRounds "11"]
[EventCountry "UAE"]
[Source "lmi"]
[SourceDate "2013.12.19"]

1. e4 e5 2. Nf3 Nf6 3. Nxe5 d6 4. Nf3 Nxe4 5. d4 d5 6. Bd3 Be7 7. O-O Nc6 8. h3
O-O 9. c4 Nf6 10. Nc3 Nb4 11. Be2 Bf5 12. Bf4 Bd6 13. Bxd6 Qxd6 14. a3 Nc6 15.
c5 Qd7 16. Bb5 Qd8 17. Bxc6 bxc6 18. Ne5 Bd7 19. Re1 Ne8 20. Qa4 Nf6 21. Nxc6
Qc8 22. Ne7+ Kh8 23. c6 Qb8 24. cxd7 Qxb2 25. Nexd5 Rad8 26. Nxf6 gxf6 27. Qc6
Qc2 28. Qxf6+ Kg8 29. Re3 Qg6 30. Rg3 1-0

[Event "Wch Juvenil 2013 sub-16 femenino"]
[Site "Al-Ain UAE"]
[Date "2013.12.27"]
[Round "10.49"]
[White "Mira, Sarhan"]
[Black "Mithran, Mirakla"]
[Result "1/2-1/2"]
[WhiteElo "1312"]
[BlackElo "1655"]
[PlyCount "60"]
[EventDate "2013.12.19"]
[EventType "swiss"]
[EventRounds "11"]
[EventCountry "UAE"]
[Source "lmi"]
[SourceDate "2013.12.19"]

1. d4 f5 2. Nf3 e6 3. e3 Nf6 4. Bd3 Be7 5. Nbd2 O-O 6. b3 d6 7. Bb2 Nc6 8. a3
Bd7 9. O-O Qe8 10. Rc1 Bd8 11. Nc4 Ne4 12. Ne1 d5 13. Nd2 Bg5 14. Nef3 Be7 15.
Ne5 Nxe5 16. dxe5 Qg6 17. f4 h5 18. Rf3 h4 19. Rh3 Kf7 20. Nf3 Rh8 21. Qe1 Rh6
22. Nxh4 Bxh4 23. Rxh4 Rah8 24. Rxh6 Rxh6 25. Bxe4 dxe4 26. Rd1 Bc6 27. Qg3 Qh5
28. Rd2 Rg6 29. Qf2 Rh6 30. Qg3 Rg6 1/2-1/2

[Event "Wch Juvenil 2013 sub-16 femenino"]
[Site "Al-Ain UAE"]
[Date "2013.12.27"]
[Round "10.50"]
[White "Wen, Jessica"]
[Black "Fisher, Michelle M"]
[Result "1-0"]
[WhiteElo "1646"]
[BlackElo "1627"]
[PlyCount "63"]
[EventDate "2013.12.19"]
[EventType "swiss"]
[EventRounds "11"]
[EventCountry "UAE"]
[Source "lmi"]
[SourceDate "2013.12.19"]

1. e4 c5 2. Nf3 Nc6 3. d4 cxd4 4. Nxd4 g6 5. c4 Nf6 6. Nc3 Bg7 7. Nc2 O-O 8.
Be2 d6 9. O-O Be6 10. Bd2 Ne5 11. Ne3 Ned7 12. Kh1 Ne5 13. f3 a5 14. Rb1 a4 15.
Ned5 Bd7 16. Bg5 Nxd5 17. Nxd5 f6 18. Bd3 Bc6 19. Qd2 b6 20. b4 axb3 21. axb3
Rb8 22. b4 Nd7 23. Nf4 Kf7 24. c5 bxc5 25. Bc4+ d5 26. Bxd5+ Bxd5 27. Qxd5+ Ke8
28. Ne6 Qc8 29. Nxg7+ Kd8 30. Ne6+ Ke8 31. Nxf8 Kxf8 32. Bh6+ 1-0

[Event "Wch Juvenil 2013 sub-16 femenino"]
[Site "Al-Ain UAE"]
[Date "2013.12.27"]
[Round "10.54"]
[White "Karania, Saloni"]
[Black "Ait Abbas, Nesrine"]
[Result "1/2-1/2"]
[WhiteElo "1210"]
[BlackElo "1444"]
[PlyCount "83"]
[EventDate "2013.12.19"]
[EventType "swiss"]
[EventRounds "11"]
[EventCountry "UAE"]
[Source "lmi"]
[SourceDate "2013.12.19"]

1. d4 Nf6 2. c4 e6 3. Nc3 Bb4 4. Qb3 Bxc3+ 5. Qxc3 d5 6. Nf3 Nbd7 7. Bf4 c5 8.
e3 b6 9. Ne5 Ne4 10. Qc2 Bb7 11. cxd5 exd5 12. Bb5 Nef6 13. Bg5 Bc8 14. Qf5 Kf8
15. Bxd7 Bxd7 16. Qf3 Be6 17. Rc1 c4 18. Qf4 Rc8 19. a3 h6 20. Bxf6 Qxf6 21.
Qxf6 gxf6 22. Nf3 Rg8 23. g3 Bf5 24. Nd2 b5 25. Nb1 a5 26. b3 cxb3 27. Rxc8+
Bxc8 28. Kd2 Bf5 29. Kc3 Ke7 30. Kxb3 Rc8 31. Nc3 Kd6 32. Rc1 Bg4 33. Kb2 Rc4
34. Nb1 Bf5 35. Rxc4 dxc4 36. Nd2 Bd3 37. Kc3 f5 38. Nf3 f6 39. Ne1 Be2 40. f3
Kd5 41. Kd2 Bf1 42. Nc2 1/2-1/2

[Event "Wch Juvenil 2013 sub-16 femenino"]
[Site "Al-Ain UAE"]
[Date "2013.12.28"]
[Round "11.1"]
[White "Khademalsharieh, Sarasadat"]
[Black "Nicolas Zapata, Irene"]
[Result "0-1"]
[WhiteElo "2298"]
[BlackElo "2237"]
[PlyCount "66"]
[EventDate "2013.12.19"]
[EventType "swiss"]
[EventRounds "11"]
[EventCountry "UAE"]
[Source "lmi"]
[SourceDate "2013.12.19"]

1. d4 Nf6 2. Nf3 b6 3. g3 Bb7 4. Bg2 c5 5. c4 cxd4 6. O-O g6 7. Qxd4 Bg7 8. Nc3
O-O 9. Qh4 h5 10. Rd1 d6 11. Bg5 Nbd7 12. Nd5 b5 13. Nd4 Ne5 14. Bxf6 exf6 15.
Nxb5 Rc8 16. Ne3 Bxg2 17. Kxg2 Qe7 18. Nxd6 Rc6 19. Qd4 f5 20. Qd5 Rb6 21. Rab1
Ng4 22. Nxg4 hxg4 23. b3 Qxe2 24. c5 Rbb8 25. c6 Rbd8 26. c7 Rd7 27. Qc5 Rc8
28. Qb5 Qf3+ 29. Kg1 Rcxc7 30. Rd3 Qe2 31. Rbd1 Bf8 32. Rd5 Qe6 33. Qb8 Rc6 0-1

[Event "Wch Juvenil 2013 sub-16 femenino"]
[Site "Al-Ain UAE"]
[Date "2013.12.28"]
[Round "11.3"]
[White "Velikic, Adela"]
[Black "Monnisha, Gk"]
[Result "0-1"]
[WhiteElo "2055"]
[BlackElo "2180"]
[PlyCount "86"]
[EventDate "2013.12.19"]
[EventType "swiss"]
[EventRounds "11"]
[EventCountry "UAE"]
[Source "lmi"]
[SourceDate "2013.12.19"]

1. e4 e5 2. Nf3 Nc6 3. Bc4 Nf6 4. Ng5 d5 5. exd5 Na5 6. Bb5+ c6 7. dxc6 bxc6 8.
Be2 h6 9. Nf3 e4 10. Ne5 Bc5 11. c3 Bd6 12. d4 exd3 13. Nxd3 Qc7 14. Nd2 O-O
15. b4 Nb7 16. Nc4 Re8 17. Nxd6 Qxd6 18. O-O Bf5 19. Bf4 Bxd3 20. Bxd6 Bxe2 21.
Qd4 Re4 22. Rfe1 Rxd4 23. cxd4 Nxd6 24. Rxe2 Nd5 25. Rc1 Nb5 26. Rb2 Ne7 27.
Rd1 Rd8 28. Kf1 Rd5 29. Rbd2 Nf5 30. Rd3 Kf8 31. a4 Nbd6 32. Rc3 Ne7 33. f3 Ke8
34. g4 Kd7 35. Ke2 Ndc8 36. Kd3 Ng6 37. Rdc1 Nce7 38. Ke4 Rd6 39. f4 Nd5 40.
Rc5 Ngxf4 41. b5 Re6+ 42. Kf3 Re3+ 43. Kf2 Nd3+ 0-1

[Event "Wch Juvenil 2013 sub-16 femenino"]
[Site "Al-Ain UAE"]
[Date "2013.12.28"]
[Round "11.4"]
[White "Osmak, Iulija"]
[Black "Choladze, Mariam"]
[Result "1-0"]
[WhiteElo "2212"]
[BlackElo "1900"]
[PlyCount "71"]
[EventDate "2013.12.19"]
[EventType "swiss"]
[EventRounds "11"]
[EventCountry "UAE"]
[Source "lmi"]
[SourceDate "2013.12.19"]

1. e4 c5 2. c3 d5 3. exd5 Qxd5 4. d4 Nf6 5. Nf3 e6 6. Bd3 Be7 7. O-O O-O 8. Qe2
Nc6 9. Rd1 cxd4 10. cxd4 Rd8 11. Nc3 Qd6 12. Nb5 Qb8 13. Ne5 Bd7 14. Bf4 Qc8
15. Nc4 Nd5 16. Bg3 Be8 17. Rac1 f5 18. Be5 Bg5 19. Ne3 Qd7 20. Nxd5 Bxc1 21.
Ndc7 Rac8 22. Rxc1 a6 23. Nxe8 Nxd4 24. Qd1 Rxc1 25. Qxc1 Nxb5 26. Nf6+ gxf6
27. Bxf6 Rc8 28. Qg5+ Kf8 29. Qh6+ Ke8 30. Be2 Nd6 31. Bh5+ Nf7 32. Qg5 Qd5 33.
Qg8+ Kd7 34. Qxf7+ Kc6 35. Bf3 Kb6 36. Bc3 1-0

[Event "Wch Juvenil 2013 sub-16 femenino"]
[Site "Al-Ain UAE"]
[Date "2013.12.28"]
[Round "11.5"]
[White "Mahalakshmi, M."]
[Black "Rodionova, Polina"]
[Result "0-1"]
[WhiteElo "2110"]
[BlackElo "2095"]
[PlyCount "80"]
[EventDate "2013.12.19"]
[EventType "swiss"]
[EventRounds "11"]
[EventCountry "UAE"]
[Source "lmi"]
[SourceDate "2013.12.19"]

1. d4 Nf6 2. c4 g6 3. Nc3 Bg7 4. e4 d6 5. f3 O-O 6. Be3 c5 7. Nge2 Nc6 8. Qd2
cxd4 9. Nxd4 Bd7 10. Be2 Nxd4 11. Bxd4 Bc6 12. O-O a5 13. Kh1 Nd7 14. Bxg7 Kxg7
15. f4 Qb6 16. f5 Nf6 17. Bf3 a4 18. Rae1 Qb4 19. e5 dxe5 20. Bxc6 bxc6 21.
Rxe5 Rad8 22. Qe2 a3 23. Rxe7 axb2 24. Nb1 Rde8 25. Rxe8 Rxe8 26. Qf2 Ne4 27.
Qd4+ Kg8 28. g3 c5 29. Qd5 Nf6 30. Qf3 Re1 31. fxg6 Rxf1+ 32. Qxf1 hxg6 33. a3
Qb3 34. Qe2 Qa2 35. Qc2 Ng4 36. h3 Ne3 37. Qd3 Nxc4 38. g4 Ne5 39. Qe4 c4 40.
h4 Nd3 0-1

[Event "Wch Juvenil 2013 sub-16 femenino"]
[Site "Al-Ain UAE"]
[Date "2013.12.28"]
[Round "11.6"]
[White "Heinemann, Josefine"]
[Black "Harazinska, Ewa"]
[Result "0-1"]
[WhiteElo "2008"]
[BlackElo "2050"]
[PlyCount "60"]
[EventDate "2013.12.19"]
[EventType "swiss"]
[EventRounds "11"]
[EventCountry "UAE"]
[Source "lmi"]
[SourceDate "2013.12.19"]

1. e4 c5 2. Nf3 d6 3. d4 cxd4 4. Nxd4 Nf6 5. Nc3 a6 6. Bg5 e6 7. f4 h6 8. Bh4
Qb6 9. Qd2 Qxb2 10. Rb1 Qa3 11. f5 Be7 12. fxe6 fxe6 13. Bc4 Nxe4 14. Nxe4
Bxh4+ 15. g3 Bg5 16. Nxg5 hxg5 17. Rb3 Qc5 18. Bxe6 Nc6 19. Nf5 Bxe6 20. Nxg7+
Kd7 21. Rxb7+ Kc8 22. Rc7+ Kb8 23. Nxe6 Re8 24. Kd1 Rxe6 25. Rg7 Re5 26. Rf1
Ne7 27. Rf8+ Kc7 28. Rf1 Rd5 29. Rxe7+ Kc6 30. Rff7 Qg1+ 0-1

[Event "Wch Juvenil 2013 sub-16 femenino"]
[Site "Al-Ain UAE"]
[Date "2013.12.28"]
[Round "11.7"]
[White "Derakhshani, Dorsa"]
[Black "Styazhkina, Anna"]
[Result "1/2-1/2"]
[WhiteElo "2087"]
[BlackElo "2241"]
[PlyCount "89"]
[EventDate "2013.12.19"]
[EventType "swiss"]
[EventRounds "11"]
[EventCountry "UAE"]
[Source "lmi"]
[SourceDate "2013.12.19"]

1. e4 e5 2. Nf3 Nc6 3. d4 exd4 4. Nxd4 Bb4+ 5. c3 Bc5 6. Be3 Bb6 7. Bc4 Nf6 8.
Nxc6 bxc6 9. e5 Nd5 10. Bxd5 cxd5 11. Bxb6 axb6 12. Qxd5 Ra5 13. Qe4 O-O 14.
O-O Re8 15. f4 d6 16. b4 Ra7 17. Nd2 dxe5 18. Nc4 Bb7 19. Qe2 exf4 20. Rfd1 Qa8
21. Ne5 h6 22. Rd7 Bd5 23. c4 f3 24. gxf3 Be6 25. Rd4 c5 26. bxc5 bxc5 27. Re4
Bf5 28. Re3 Ra3 29. Ng4 Rexe3 30. Nxe3 Bd3 31. Qf2 Ra6 32. Rd1 Rxa2 33. Qh4 Ra1
34. Rxa1 Qxa1+ 35. Kg2 Qd4 36. Qe7 Bxc4 37. Ng4 Be6 38. Nf2 c4 39. Ne4 Qd3 40.
Qc7 Bd5 41. Qc8+ Kh7 42. Qf5+ Kh8 43. Qc8+ Kh7 44. Qf5+ Kg8 45. Qc8+ 1/2-1/2

[Event "Wch Juvenil 2013 sub-16 femenino"]
[Site "Al-Ain UAE"]
[Date "2013.12.28"]
[Round "11.8"]
[White "Blagojevic, Tijana"]
[Black "Egorova, Ayyyna"]
[Result "0-1"]
[WhiteElo "2019"]
[BlackElo "2006"]
[PlyCount "84"]
[EventDate "2013.12.19"]
[EventType "swiss"]
[EventRounds "11"]
[EventCountry "UAE"]
[Source "lmi"]
[SourceDate "2013.12.19"]

1. e4 Nf6 2. e5 Nd5 3. c4 Nb6 4. d4 d6 5. exd6 exd6 6. Nc3 Be7 7. Bd3 Nc6 8.
Nge2 Bg4 9. Be3 Nb4 10. Bb1 d5 11. c5 Nc4 12. Bc1 Nc6 13. b3 N4a5 14. O-O b6
15. f3 Be6 16. cxb6 axb6 17. Nb5 Na7 18. Nxa7 Rxa7 19. Nf4 Bc8 20. Re1 O-O 21.
Re5 f5 22. Nxd5 Bd6 23. Re1 Qh4 24. f4 Bb7 25. g3 Qh3 26. Ne3 Bxf4 27. gxf4 Rf6
28. d5 Nxb3 29. Bxf5 Rxf5 30. Nxf5 Nxa1 31. Re8+ Kf7 32. Re7+ Kf8 33. Re8+ Kf7
34. Re7+ Kf8 35. Qe2 Qxf5 36. Bb2 Qg6+ 37. Kf2 Bxd5 38. Bxg7+ Kg8 39. Bxa1 Rxa2
40. Bb2 Rxb2 41. Re8+ Qxe8 42. Qxb2 Qg6 0-1

[Event "Wch Juvenil 2013 sub-16 femenino"]
[Site "Al-Ain UAE"]
[Date "2013.12.28"]
[Round "11.9"]
[White "Beinenson, Katsiaryna"]
[Black "Vanagaite, Giedre"]
[Result "1-0"]
[WhiteElo "1961"]
[BlackElo "2017"]
[PlyCount "65"]
[EventDate "2013.12.19"]
[EventType "swiss"]
[EventRounds "11"]
[EventCountry "UAE"]
[Source "lmi"]
[SourceDate "2013.12.19"]

1. d4 Nf6 2. Nf3 g6 3. Bf4 Bg7 4. e3 O-O 5. Nbd2 d6 6. Be2 Nc6 7. c3 Nh5 8. Bg5
h6 9. Bh4 g5 10. Bg3 Bf5 11. d5 Nb8 12. Nd4 Nxg3 13. hxg3 Bh7 14. f4 gxf4 15.
gxf4 c6 16. g4 cxd5 17. g5 hxg5 18. Rxh7 e5 19. Rxg7+ Kxg7 20. Nf5+ Kf6 21. Bg4
exf4 22. Ne4+ Kg6 23. Qxd5 Nc6 24. O-O-O Ne5 25. Nfxd6 Qe7 26. Nf5 Qc7 27. Nfd6
Qe7 28. exf4 Nxg4 29. Qf5+ Kg7 30. Qxg4 Qe6 31. Qxg5+ Qg6 32. Nf5+ Kg8 33. Nf6+
1-0

[Event "Wch Juvenil 2013 sub-16 femenino"]
[Site "Al-Ain UAE"]
[Date "2013.12.28"]
[Round "11.10"]
[White "Harutyunyan, Ani"]
[Black "Lingur, Zalina"]
[Result "0-1"]
[WhiteElo "1916"]
[BlackElo "2009"]
[PlyCount "88"]
[EventDate "2013.12.19"]
[EventType "swiss"]
[EventRounds "11"]
[EventCountry "UAE"]
[Source "lmi"]
[SourceDate "2013.12.19"]

1. d4 Nf6 2. Nf3 d5 3. c4 e6 4. Nc3 Bb4 5. Qc2 c5 6. cxd5 exd5 7. Bg5 Nbd7 8.
a3 Qa5 9. Rc1 Bxc3+ 10. Qxc3 Qxc3+ 11. Rxc3 Ne4 12. Rc1 Nxg5 13. Nxg5 c4 14. g3
b5 15. Bg2 Nb6 16. e4 f6 17. Nh3 dxe4 18. Nf4 Kf7 19. O-O Bb7 20. Bh3 Rhe8 21.
a4 a6 22. Rfd1 g5 23. a5 Nd5 24. Ne2 Kg6 25. Nc3 f5 26. Re1 Rad8 27. g4 fxg4
28. Bxg4 Nf4 29. Rcd1 Nd3 30. Re3 Nxb2 31. Rb1 Nd3 32. Nxb5 axb5 33. Rxb5 Ba8
34. Rh3 Nf4 35. Bf5+ Kf6 36. Rh6+ Ng6 37. Rxh7 Rd5 38. Rb6+ Kxf5 39. Rf7+ Kg4
40. Rxg6 Rxd4 41. Rh6 Rd1+ 42. Kg2 e3+ 43. f3+ Bxf3+ 44. Rxf3 Rd2+ 0-1

[Event "Wch Juvenil 2013 sub-16 femenino"]
[Site "Al-Ain UAE"]
[Date "2013.12.28"]
[Round "11.11"]
[White "Ivanova, Simoneta"]
[Black "Gholami Orimi, Anahita"]
[Result "1-0"]
[WhiteElo "2049"]
[BlackElo "1817"]
[PlyCount "55"]
[EventDate "2013.12.19"]
[EventType "swiss"]
[EventRounds "11"]
[EventCountry "UAE"]
[Source "lmi"]
[SourceDate "2013.12.19"]

1. d4 Nf6 2. c4 e6 3. Nc3 Bb4 4. e3 b6 5. Bd3 Bb7 6. Nf3 O-O 7. O-O Be7 8. e4
d6 9. e5 Nfd7 10. Qe2 h6 11. Bc2 Re8 12. Bf4 Nf8 13. Rad1 c6 14. exd6 Bxd6 15.
Ne5 Qh4 16. g3 Qe7 17. Ne4 Bc7 18. c5 Ba6 19. Bd3 Bxd3 20. Rxd3 f6 21. Nc4 e5
22. dxe5 fxe5 23. Be3 Na6 24. Ncd6 Reb8 25. Qg4 Kh7 26. Bxh6 gxh6 27. Rf3 Bxd6
28. Nf6+ 1-0